Statistics for Tiger Knowledge

Click here to take the quiz!

General Stats

  • This quiz has been taken 22 times
  • The average score is 7 of 15

Answer Stats

QuestionAnswer% Correct
What country, starting with the letter I, has the most wild tigers?India
94%
What shape are a tiger's pupils - Round, or slitted?Round
78%
What country has the most Siberian tigers?China
72%
What do tigers like to do that no other big cats enjoy?Swim
72%
Which of these tiger sub-species is the largest - Bengal, Siberian, or Sumatran?Bengal
61%
A tiger's stripes are as unique as a human's fingerprints - True or False?True
61%
Can tigers purr?No
56%
What is a female tiger known as?Tigress
56%
How many species of tigers are there?8
50%
Are the tigers' stripes on their skin or fur?Both
28%
What is the name of Jasmine's tiger from the Disney movie Aladdin?Rajah
22%
About how many tigers are left in the wild?3,900
0%
What is a group of tigers called?an ambush
0%
What does tiger urine smell like (proven fact, because I know your face is like :O)Buttered Popcorn
0%
What is the name of the ancient tiger/leopard God once worshipped by many Indian tribesWaghoba
0%

Score Distribution

Percentile by Number Answered

Percent of People with Each Score

Your Score History

You have not taken this quiz